00820nam a2200253Ia 4500001001100000003000500011008004100016010001100057020002400068040000900092082002400101245011000125250000600235260004600241300001100287500005200298650003500350650002100385650003200406700003700438700003600475700002800511700002700539Para_10137CHAP220125s1993 xx 000 0 und d a208829 a0 - 521 - 32611 - 7 cCHAP aPA 616.014 C69 1993 aCowan and Steel's Manual for the identification of medical bacteria /c Samuel Tertius Cowan...[et. al.] a3 aCambridge :b Cambridge University Press a331 p. aIncluye referencias bibliográficas e índice aBacterias x Clasificación  aBacteriología  aBacteriología x Manuales aI.Cowan, Samuel Tertius, coaut.  aII.Kenneth, John Steel, coaut.  aIII.Borrow, G. I., ed.  aIV.Feltham,R.K.A., ed.